000 00547cam a2200217ua 4500
001 9698
005 20260515114518.0
008 160617n ii |||gr||||Z||||||eng
020 _a8176800023
040 _cMAIN
041 _aeng
082 _a301
100 _aSaikia, Utpal,
_eAuthor.
245 _aIntroduction to sociology
_cby Utpal Saikia
250 _a1st ed.
260 _aDibrugarh:
_bStudents emporium,
_c2006.
300 _a318p.
653 _aSociology & anthropology
653 _aHigh secondary 2nd year sociology
942 _cBK
999 _c8704
_d8704